000
00234nam a22000857a 4500
999
_c
516210
_d
516210
100
_a
Khan, Mohd. Sharif
_9
22661
245
_a
Teacher education in India and abroad
_c
Mohd. Sharif Khan
260
_a
New Delhi
_b
Ashish
_c
1983
300
_a
156p.